| Поле | Инд. | ПП | Название | Значение |
|---|---|---|---|---|
| Тип записи | a | |||
| Библиографический уровень | m | |||
| 001 | Контрольный номер | 7c4112c7-3458-47c8-96c5-c0542815d7c4 | ||
| 005 | Дата корректировки | 20140227032651.9 | ||
| 008 | Кодируемые данные | 041105 | ||
| 040 | a | Служба первич. каталог. | НБ ТвГУ | |
| 041 | a | Код языка текста | rus | |
| 084 | a | Индекс другой классификации/Индекс ББК | В127я73-1 | |
| a | Индекс другой классификации/Индекс ББК | В181я73-1 | ||
| 090 | x | Авторский знак | Г52 | |
| a | Полочн. индекс | В127я73 | ||
| 100 | 1_ | a | Автор | Гладкий Алексей Всеволодович |
| 245 | 00 | a | Заглавие | Теория алгоритмов |
| b | Продолж. заглавия | учеб. пособие | ||
| c | Ответственность | А. В. Гладкий ; [науч. ред. М. И. Канович] ; М-во высш. и сред. спец. образования РСФСР, Калинин. гос. ун-т | ||
| 260 | 0_ | a | Место издания | Калинин |
| b | Издательство | КГУ | ||
| c | Дата издания | 1983 | ||
| 300 | a | Объем | 57, [3] с. | |
| 650 | a | Основная рубрика | Алгоритмы | |
| x | Основная подрубрика | Учебники для вузов | ||
| 653 | a | Ключевые слова | Алгоритмы | |
| a | Ключевые слова | Теория алгоритмов | ||
| 700 | 1_ | a | Другие авторы | Канович М. И. |
| e | Роль лиц | науч. ред. | ||
| 852 | t | Порядковый номер экземпляра | 5 | |
| q | Физ. особенности экз. | к | ||
| p | Инвентарный номер | 511428 | ||
| p | Инвентарный номер | 511430 | ||
| p | Инвентарный номер | 511433 | ||
| p | Инвентарный номер | 511434 | ||
| p | Инвентарный номер | 511435 | ||
| 863 | t | 00031795 | ||
| 863 | t | 00031792 | ||
| 863 | t | 00031793 | ||
| 863 | t | 00031790 | ||
| 863 | t | 00031791 | ||
| 930 | a | Новая/Ретро | учебники | |
| 952 | c | Вид литературы | К ру | |
| 954 | a | Дата поступления на обработку | 20051221 | |
| 999 | a | Подразделение 2 | Фил3 |